| 000 | 01070nam a2200289 a 4500 | ||
|---|---|---|---|
| 001 | 000022463 | ||
| 003 | OSt | ||
| 005 | 20250621074007.0 | ||
| 008 | 101011s2001 dr ac 000 0 spa d | ||
| 040 |
_aDO-SdBNP _bspa _cBNPHU |
||
| 082 |
_a320.97293 _bE79c |
||
| 100 | 1 |
_aEstévez Aristy, J. _921380 |
|
| 245 | 1 | 0 |
_aCien días con rostro humano / _cJ. Estévez Aristy, Mario J. Cedano. |
| 260 |
_aSanto Domingo : _bBúho, _c2001. |
||
| 300 |
_a430 p. : _bil., retrs. ; _c24 cm. |
||
| 490 | 1 | _aColección José Francisco Peña Gómez | |
| 500 | _aIncluye datos biográficos de los autores en las solapas de la cubierta. | ||
| 504 | _aBibliografía: p.400-402. | ||
| 590 | _aInventariado, 2018/ YL | ||
| 600 | 1 | 0 |
_aMejía, Hipólito, _d1941- _978920 |
| 651 | 4 |
_aRepública Dominicana _xPresidente (2000-2004 : Mejía) _917227 |
|
| 651 | 0 |
_aRepública Dominicana _xPolítica y gobierno _945 |
|
| 700 | 1 |
_aCedano, Mario J., _d1959- _921378 |
|
| 830 | 0 |
_aColección José Francisco Peña Gómez _946294 |
|
| 910 | _aValidado. Control de calidad EMS | ||
| 942 |
_2ddc _cLBS1 |
||
| 999 |
_c21961 _d21961 |
||